000 00542nam a2200169Ia 4500
008 220216s9999 xx 000 0 und d
100 _aDonini P
245 0 _aCytogenetic and molecular mapping of the wheat-Agegilops longissima chromatin breakpoints in powdery mildew-resistant introgression lines
260 _bTheoretical and Applied Genetics
_c1995
300 _a738-743
650 _aAlien introgression
650 _aRFLP mapping
650 _aTelocentric mapping
700 _aCeoloni C
700 _aKoebner R M D
942 _cJS
999 _c56703
_d56703